| 000 | 00873nam a22002057a 4500 | ||
|---|---|---|---|
| 003 | OSt | ||
| 005 | 20250911095458.0 | ||
| 008 | 240226b ||||| |||| 00| 0 eng d | ||
| 040 | _c0 | ||
| 082 | _aDPer 621.317 Ie21 June 2022 v. 37 n. 6 | ||
| 100 |
_aYan, Na. _eauthor. _953394 |
||
| 245 |
_aA general approach to sampled-data modeling for ripple-based control—part II : _bconstant ON-time and constant OFF-time control / _cNa Yan, Xinbo Ruan, and Xin Li. |
||
| 260 |
_aNew York ; _bThe Institute of Electrical and Electronics Engineers, Inc. , _cJune 2022. |
||
| 300 |
_aVolume 37, pages 6385-6396 : _billustration ; _c29 cm. |
||
| 500 | _aIEEE Transactions on Power Electronics, vol. 37, no. 6, pages 6385-6396, June 2022. | ||
| 700 |
_aYan, Na. _eauthor. _953394 |
||
| 700 |
_aRuan, Xinbo. _eauthor. _953395 |
||
| 700 |
_aLi, Xin. _eauthor. _953396 |
||
| 942 |
_2ddc _cPER |
||
| 999 |
_c19368 _d19368 |
||